[Event "DVM U12 2014"]
[Site "Verden/Aller GER"]
[Date "2014.12.27"]
[Round "1"]
[White "Chernykh, Arkady"]
[Black "Lieberwirth, Kasimir"]
[Result "0-1"]
[Termination "normal"]
[Board "7.1"]
[WhiteElo "1426"]
[BlackElo "1546"]
[WhiteTeam "Karlsruher SF 1853"]
[BlackTeam "SG Turm Leipzig"]
[PlyCount "81"]
[WhiteFideId "12989436"]
[BlackFideId "12988146"]
[EventCountry "GER"]
[EventRounds "7"]
[EventType "team-swiss"]
[EventDate "2014.12.26"]

1. d4 Nf6 2. Nf3 g6 3. c4 c5 4. e3 Bg7 5. Nc3 Na6 6. Bd2 d6 7. a3 O-O 8. Bd3
Bd7 9. Qc2 Rb8 10. O-O Qc7 11. Nb5 Qb6 12. Bc3 Bxb5 13. cxb5 Nc7 14. a4 Ncd5
15. e4 Nf4 16. Qd2 Nxd3 17. Qxd3 c4 18. Qe2 Rbc8 19. Rfe1 d5 20. e5 Ne4 21. Nd2
Nxd2 22. Qxd2 a6 23. bxa6 bxa6 24. Bb4 Rfe8 25. Bc5 Qc6 26. Qc3 Rb8 27. Ra3 Qb7
28. Rb1 Rec8 29. f4 g5 30. g3 gxf4 31. gxf4 Qc6 32. Kf2 Qh6 33. Qg3 e6 34. b4
Kh8 35. Rf3 Rg8 36. Be7 Bxe5 37. dxe5 Rxg3 38. Rxg3 Qxf4+ 39. Rf3 Qxh2+ 40. Ke3
Qxe5+ 41. Kf2 0-1

[Event "DVM U12 2014"]
[Site "Verden/Aller GER"]
[Date "2014.12.27"]
[Round "1"]
[White "Weimert, Miriam"]
[Black "Fidlin, Simon"]
[Result "0-1"]
[Termination "normal"]
[Board "7.2"]
[WhiteElo "1532"]
[BlackElo "1334"]
[WhiteTeam "SG Turm Leipzig"]
[BlackTeam "Karlsruher SF 1853"]
[PlyCount "100"]
[WhiteFideId "12966703"]
[BlackFideId "16217535"]
[EventCountry "GER"]
[EventRounds "7"]
[EventType "team-swiss"]
[EventDate "2014.12.26"]

1. e4 e6 2. d4 d5 3. exd5 exd5 4. Bd3 Bd6 5. Ne2 Nc6 6. c3 Bg4 7. Qc2 Nf6 8.
O-O Bh5 9. Nf4 Bg4 10. h3 Bd7 11. Re1+ Ne7 12. Be3 Qc8 13. Qe2 Bf5 14. Nd2 Qd7
15. b4 O-O 16. Nf3 Rfe8 17. Qd2 Ne4 18. Qc2 c6 19. Nh4 Qc7 20. Nxf5 Nxf5 21.
Ne2 Nxe3 22. fxe3 Bh2+ 23. Kf1 Qd6 24. Bxe4 Rxe4 25. Ng1 Bg3 26. Rac1 Rae8 27.
Qd2 Qh6 28. Nf3 Rxe3 29. Rxe3 Rxe3 30. Qc2 Qf6 31. Kg1 Qe6 32. Rf1 Re2 33. Qd3
Qe3+ 34. Qxe3 Rxe3 35. Rc1 Re2 36. c4 dxc4 37. Rxc4 h6 38. Rc1 Rxa2 39. Kf1
Rf2+ 40. Kg1 Rb2 41. Kf1 Rxb4 42. Ra1 a6 43. Ra2 Kf8 44. Ke2 Ke7 45. Kd3 Kd6
46. Kc3 Rb1 47. Nd2 Re1 48. Rb2 Re3+ 49. Kb4 Be1 50. Ka4 b5+ 0-1

[Event "DVM U12 2014"]
[Site "Verden/Aller GER"]
[Date "2014.12.27"]
[Round "1"]
[White "Kokschenev, Michael"]
[Black "Kreicarek, Tobias"]
[Result "0-1"]
[Termination "normal"]
[Board "7.3"]
[WhiteElo "1086"]
[BlackElo "1446"]
[WhiteTeam "Karlsruher SF 1853"]
[BlackTeam "SG Turm Leipzig"]
[PlyCount "96"]
[WhiteFideId "12983721"]
[BlackFideId "16255909"]
[EventCountry "GER"]
[EventRounds "7"]
[EventType "team-swiss"]
[EventDate "2014.12.26"]

1. e4 d5 2. exd5 Nf6 3. d4 Nxd5 4. Nf3 Bg4 5. c3 e6 6. Bd3 Be7 7. Be3 Nd7 8.
Nbd2 N7f6 9. O-O O-O 10. c4 Nb6 11. Rc1 Nbd7 12. Qc2 c5 13. Ne5 cxd4 14. Nxg4
dxe3 15. Nxf6+ Nxf6 16. fxe3 Bc5 17. Rce1 Qb6 18. Rf3 h6 19. Ne4 Nxe4 20. Bxe4
Rad8 21. Kf2 Bb4 22. Re2 f5 23. Bd3 Qd6 24. a3 Bxa3 25. Bxf5 exf5 26. bxa3 Qxa3
27. Rxf5 Rxf5+ 28. Qxf5 Rf8 29. Qxf8+ Kxf8 30. Kf3 Qc3 31. Kf2 Qxc4 32. e4 Qe6
33. Re3 b5 34. Ke2 Qc4+ 35. Kd2 b4 36. Re1 Qc3+ 37. Ke2 b3 38. Kf2 Qxe1+ 39.
Kxe1 b2 40. Kd2 b1=Q 41. Ke3 Ke7 42. h4 Ke6 43. h5 Ke5 44. g4 Qxe4+ 45. Kd2 Kd4
46. g5 Qd3+ 47. Ke1 Ke3 48. g6 Qe2# 0-1

[Event "DVM U12 2014"]
[Site "Verden/Aller GER"]
[Date "2014.12.27"]
[Round "1"]
[White "Buschmann, Julius"]
[Black "Fidlin, Maximilian"]
[Result "0-1"]
[Termination "normal"]
[Board "7.4"]
[WhiteElo "1428"]
[BlackElo "1051"]
[WhiteTeam "SG Turm Leipzig"]
[BlackTeam "Karlsruher SF 1853"]
[PlyCount "98"]
[WhiteFideId "16255895"]
[BlackFideId "12982555"]
[EventCountry "GER"]
[EventRounds "7"]
[EventType "team-swiss"]
[EventDate "2014.12.26"]

1. e4 e6 2. d4 d5 3. e5 c5 4. c3 cxd4 5. cxd4 Nc6 6. Nc3 f6 7. Nf3 Bb4 8. Bd2
fxe5 9. dxe5 Nge7 10. a3 Ba5 11. Bb5 O-O 12. O-O Bc7 13. Re1 Ng6 14. Bg5 Qd7
15. Bxc6 bxc6 16. Qd4 Bb6 17. Qd2 d4 18. Ne2 c5 19. Rac1 Qd5 20. Nf4 Nxf4 21.
Bxf4 Bb7 22. Qd3 Rxf4 23. Re2 Rc8 24. b3 Rf7 25. Rec2 Rcf8 26. b4 Rxf3 27. gxf3
Rxf3 28. Qd1 Rf5 29. f3 Rxf3 30. Rg2 Rf2 31. Kxf2 Qxg2+ 32. Ke1 Ba6 33. b5 Qg1+
34. Kd2 Qxd1+ 35. Kxd1 Bxb5 36. Kc2 d3+ 37. Kd1 Kf7 38. Rb1 Ba4+ 39. Kd2 Bc2
40. Rb2 Ba5+ 41. Kc1 Kg6 42. Rb7 Bb6 43. Re7 c4 44. Rxe6+ Kf7 45. Rc6 Bb3 46.
Kd2 Ba5+ 47. Ke3 d2 48. e6+ Ke7 49. Ke4 d1=Q 0-1

[Event "DVM U12 2014"]
[Site "Verden/Aller GER"]
[Date "2014.12.27"]
[Round "1"]
[White "Kopylov, Daniel"]
[Black "Kittelberger, Mattis"]
[Result "1-0"]
[Termination "normal"]
[Board "8.1"]
[WhiteElo "1813"]
[BlackElo "1564"]
[WhiteTeam "TuRa Harksheide"]
[BlackTeam "SC Aurich"]
[PlyCount "75"]
[WhiteFideId "12921971"]
[BlackFideId "12965103"]
[EventCountry "GER"]
[EventRounds "7"]
[EventType "team-swiss"]
[EventDate "2014.12.26"]

1. e4 e5 2. Nf3 Nf6 3. Nc3 Nc6 4. g3 Bc5 5. Bg2 d6 6. d3 h6 7. O-O Be6 8. h3
Qd7 9. Kh2 g5 10. Na4 Bb6 11. Nxb6 axb6 12. d4 g4 13. d5 gxf3 14. Qxf3 Nxd5 15.
exd5 Nd4 16. Qf6 Rg8 17. dxe6 Qxe6 18. Qxe6+ fxe6 19. Bxh6 c6 20. c3 Nf5 21.
Be3 Kd7 22. g4 Ne7 23. Bxb6 c5 24. a4 Ng6 25. a5 Rh8 26. Bxb7 Rag8 27. Bg2 Nf4
28. f3 e4 29. Kg3 Ne2+ 30. Kf2 Nf4 31. fxe4 Rf8 32. Kg3 Ne2+ 33. Kh2 Rfg8 34.
Rf7+ Kc6 35. Rc7+ Kb5 36. Bf1 c4 37. Bxe2 d5 38. b3 1-0

[Event "DVM U12 2014"]
[Site "Verden/Aller GER"]
[Date "2014.12.27"]
[Round "1"]
[White "Rajendram, Reanosh"]
[Black "Oganessjan, Artur"]
[Result "1-0"]
[Termination "normal"]
[Board "8.2"]
[WhiteElo "1249"]
[BlackElo "1786"]
[WhiteTeam "SC Aurich"]
[BlackTeam "TuRa Harksheide"]
[PlyCount "119"]
[WhiteFideId "12965162"]
[BlackFideId "12986062"]
[EventCountry "GER"]
[EventRounds "7"]
[EventType "team-swiss"]
[EventDate "2014.12.26"]

1. e4 c5 2. Nf3 e6 3. d4 cxd4 4. Nxd4 Nf6 5. Nc3 Bb4 6. Bd3 Nc6 7. Nf3 d5 8.
Bd2 Bxc3 9. Bxc3 dxe4 10. Bxf6 Qxf6 11. Bxe4 O-O 12. c3 e5 13. O-O Bg4 14. Qc2
h6 15. Rfe1 Rfe8 16. Rad1 Rac8 17. Qa4 Bh5 18. Qa3 Qf4 19. Rd3 f5 20. g3 Qg4
21. Bxc6 bxc6 22. Nxe5 Qg5 23. f4 Qf6 24. Rde3 Rcd8 25. Nd7 Qf7 26. Re7 Rxe7
27. Rxe7 Qd5 28. Qb3 Bf7 29. Qxd5 Bxd5 30. Kf2 Bxa2 31. Ke3 Bf7 32. Ne5 Bd5 33.
Rxa7 Rb8 34. b4 Be4 35. Rc7 Rd8 36. Rd7 Rxd7 37. Nxd7 Kf7 38. Kd4 Ke7 39. Ne5
Kd6 40. Nc4+ Kd7 41. Kc5 Kc7 42. Ne5 g5 43. Nf7 gxf4 44. gxf4 h5 45. Ne5 h4 46.
c4 h3 47. Nf7 Kd7 48. Ng5 Bg2 49. Kd4 Kd6 50. c5+ Kc7 51. Ke5 Kb7 52. Kxf5 Ka6
53. Ke5 Kb5 54. f5 Kc4 55. f6 Bd5 56. f7 Bxf7 57. Nxf7 Kd3 58. Kd6 Ke3 59. Kxc6
Kf2 60. Kb7 1-0

[Event "DVM U12 2014"]
[Site "Verden/Aller GER"]
[Date "2014.12.27"]
[Round "1"]
[White "Höfs, Cederik"]
[Black "Abele, Anais"]
[Result "1-0"]
[Termination "normal"]
[Board "8.3"]
[WhiteElo "1163"]
[BlackElo "1105"]
[WhiteTeam "TuRa Harksheide"]
[BlackTeam "SC Aurich"]
[PlyCount "133"]
[WhiteFideId "16207653"]
[BlackFideId "16208927"]
[EventCountry "GER"]
[EventRounds "7"]
[EventType "team-swiss"]
[EventDate "2014.12.26"]

1. e4 e5 2. Nf3 Nc6 3. d4 exd4 4. Nxd4 Bc5 5. Be3 Qf6 6. c3 Nge7 7. Bc4 Bb6 8.
Na3 O-O 9. O-O d6 10. Qd2 h6 11. Rad1 Qg6 12. Kh1 Qxe4 13. Bd3 Qd5 14. c4 Qe5
15. Nac2 Kh8 16. Be2 Bd7 17. Bf4 Qf6 18. Rfe1 Ng6 19. Bg3 Rae8 20. h3 Re7 21.
Nb5 a6 22. Nxd6 cxd6 23. Bxd6 Rxe2 24. Rxe2 Rg8 25. c5 Ba7 26. b4 Be6 27. a3
Rd8 28. Qe1 Kh7 29. Ne3 b6 30. Ng4 Bxg4 31. hxg4 Qh4+ 32. Kg1 Qxg4 33. Re4 Qc8
34. Qe2 b5 35. Qf3 f6 36. Qh5 Bb8 37. Qh2 Bxd6 38. cxd6 Qf5 39. Re3 Qc2 40.
Red3 Nce5 41. R3d2 Qf5 42. Qh3 Qxh3 43. gxh3 Kg8 44. Kg2 Kf7 45. Kg3 Ke6 46. f4
Nf7 47. Kg4 Rxd6 48. f5+ Ke7 49. fxg6 Rxd2 50. Rxd2 Ne5+ 51. Kf5 Nf3 52. Re2+
Ne5 53. h4 Kf8 54. h5 Ke7 55. Kf4 Kd6 56. Rd2+ Ke6 57. Rd8 Nc6 58. Ra8 Kd5 59.
Rxa6 Nd4 60. Ra7 Ne6+ 61. Ke3 f5 62. Rd7+ Ke5 63. Rb7 f4+ 64. Kf2 Ke4 65. Rxb5
Nd4 66. Rb7 Nf5 67. Rf7 1-0

[Event "DVM U12 2014"]
[Site "Verden/Aller GER"]
[Date "2014.12.27"]
[Round "1"]
[White "Hoffmann, Simon"]
[Black "Peters, Malte"]
[Result "0-1"]
[Termination "normal"]
[Board "8.4"]
[WhiteElo "1019"]
[BlackElo "866"]
[WhiteTeam "SC Aurich"]
[BlackTeam "TuRa Harksheide"]
[PlyCount "98"]
[WhiteFideId "12974919"]
[BlackFideId "16208978"]
[EventCountry "GER"]
[EventRounds "7"]
[EventType "team-swiss"]
[EventDate "2014.12.26"]

1. e4 e5 2. Nf3 Nf6 3. Nxe5 d6 4. Nf3 Nxe4 5. d3 Nf6 6. Bg5 Be7 7. Be2 Nc6 8.
Nc3 Be6 9. O-O Qd7 10. d4 d5 11. Ne5 Nxe5 12. dxe5 Ne4 13. Nxe4 dxe4 14. Qxd7+
Bxd7 15. Bxe7 Kxe7 16. Rad1 Rad8 17. Rd4 Bc6 18. Rfd1 Rxd4 19. Rxd4 Rd8 20. c3
Rxd4 21. cxd4 Ke6 22. f4 Kd5 23. Bh5 f5 24. exf6 gxf6 25. Kf2 Kxd4 26. f5 Bd7
27. g4 h6 28. h4 Ke5 29. Kg3 c5 30. Kf2 Kf4 31. Ke2 b5 32. Kd2 a5 33. Kc3 Ke3
34. g5 fxg5 35. hxg5 hxg5 36. f6 Be6 37. Bd1 a4 38. Bg4 Kf4 39. Bd1 g4 40. Kd2
g3 41. Ke1 Ke3 42. Kf1 Kd2 43. Be2 e3 44. Bf3 g2+ 45. Kxg2 e2 46. Bxe2 Kxe2 47.
Kg3 Ke3 48. Kh4 Kd3 49. Kg5 Ke2 0-1

[Event "DVM U12 2014"]
[Site "Verden/Aller GER"]
[Date "2014.12.27"]
[Round "1"]
[White "Diel, Tom"]
[Black "Pölt, Christoph"]
[Result "0-1"]
[Termination "normal"]
[Board "9.1"]
[WhiteElo "1230"]
[BlackElo "1678"]
[WhiteTeam "SV Lendersdorf 57"]
[BlackTeam "TV Tegernsee"]
[PlyCount "110"]
[WhiteFideId "16258428"]
[BlackFideId "12960853"]
[EventCountry "GER"]
[EventRounds "7"]
[EventType "team-swiss"]
[EventDate "2014.12.26"]

1. e4 e5 2. Nf3 Nc6 3. Bc4 Bc5 4. Nc3 Nf6 5. d3 d6 6. Bg5 h6 7. Bh4 Bg4 8. h3
Be6 9. Bb3 Rg8 10. Qd2 g5 11. Bg3 Nh5 12. Bh2 Nf4 13. Bxf4 gxf4 14. Rg1 Qd7 15.
O-O-O O-O-O 16. Nd5 Bxd5 17. Bxd5 Rg7 18. Nh4 Ne7 19. Bb3 Rdg8 20. Qe2 c6 21.
Rd2 Rh8 22. Qh5 Rhh7 23. c3 Rg5 24. Qe2 Rhg7 25. Nf3 Rxg2 26. Rxg2 Rxg2 27.
Bxf7 Rxf2 28. Qd1 Be3 29. Qb3 Bxd2+ 30. Nxd2 Kb8 31. Be6 Qd8 32. Nc4 Nc8 33. a4
Rf1+ 34. Kc2 Qg5 35. Bg4 h5 36. Na5 Nb6 37. Qe6 hxg4 38. Qxd6+ Kc8 39. Qe6+ Kc7
40. Qf7+ Nd7 41. Nxb7 Kxb7 42. Qxd7+ Kb8 43. Qd6+ Kc8 44. Qxc6+ Kd8 45. Qd6+
Ke8 46. Qe6+ Qe7 47. Qg8+ Kd7 48. Qxg4+ Kc7 49. Qg2 Ra1 50. Qf2 Rxa4 51. Kb3
Ra1 52. Kc2 Ra2 53. Kc1 Qa3 54. Qd2 Ra1+ 55. Kc2 Qa4+ 0-1

[Event "DVM U12 2014"]
[Site "Verden/Aller GER"]
[Date "2014.12.27"]
[Round "1"]
[White "Klein-Uebbing, Niklas"]
[Black "Feicht, Franz"]
[Result "1/2-1/2"]
[Termination "normal"]
[Board "9.3"]
[WhiteElo "1143"]
[BlackElo "1576"]
[WhiteTeam "SV Lendersdorf 57"]
[BlackTeam "TV Tegernsee"]
[PlyCount "84"]
[BlackFideId "12960896"]
[EventCountry "GER"]
[EventRounds "7"]
[EventType "team-swiss"]
[EventDate "2014.12.26"]

1. e4 e5 2. Nf3 Nc6 3. Bc4 Bc5 4. d3 h6 5. c3 Nf6 6. Be3 Bb6 7. O-O O-O 8. h3
d6 9. Bb3 Re8 10. Nbd2 Bd7 11. Bc2 Ne7 12. Re1 Ng6 13. Nf1 Bc6 14. Ng3 Re7 15.
Qb1 Bd7 16. d4 exd4 17. cxd4 Qe8 18. b4 Rc8 19. Bc1 Nf8 20. Bb2 N8h7 21. Bd3 g6
22. Qc2 Bb5 23. Rad1 Bxd3 24. Qxd3 a6 25. Qc2 Nd7 26. Qc4 Qf8 27. Nh4 Re6 28.
f4 g5 29. fxg5 hxg5 30. Nf3 Ba7 31. Kh1 b5 32. Qc3 f6 33. Rf1 Bb6 34. Bc1 Qg7
35. d5 Ree8 36. Nf5 Qg6 37. Rg1 Bxg1 38. Rxg1 Nc5 39. Nd2 Nf8 40. Rf1 Kh8 41.
g4 Nfd7 42. Re1 Ne5 1/2-1/2

[Event "DVM U12 2014"]
[Site "Verden/Aller GER"]
[Date "2014.12.27"]
[Round "1"]
[White "Schlangenotto, Niklas"]
[Black "Gkegkas, Michail"]
[Result "1-0"]
[Termination "normal"]
[Board "10.1"]
[WhiteElo "1549"]
[BlackElo "989"]
[WhiteTeam "SK Blauer Springer Paderborn"]
[BlackTeam "SC Heitersheim"]
[PlyCount "109"]
[WhiteFideId "16217560"]
[BlackFideId "16251067"]
[EventCountry "GER"]
[EventRounds "7"]
[EventType "team-swiss"]
[EventDate "2014.12.26"]

1. d4 d5 2. Bf4 Bf5 3. Nf3 Nf6 4. e3 Nbd7 5. Bd3 Bg6 6. Qe2 e6 7. Nbd2 Bxd3 8.
Qxd3 Be7 9. c3 O-O 10. Rc1 Rc8 11. O-O b6 12. Ne5 Bd6 13. Nc6 Qe8 14. Rfe1 Bxf4
15. exf4 Ng4 16. h3 Nh6 17. Nf3 Nf6 18. Nce5 Nd7 19. g4 Nxe5 20. Nxe5 f6 21.
Nf3 Qd7 22. Re2 Rce8 23. Rce1 Re7 24. Qc2 Nf7 25. b3 b5 26. c4 bxc4 27. bxc4
dxc4 28. Qxc4 Rfe8 29. Qc5 a6 30. f5 Nd8 31. d5 Kf7 32. dxe6+ Nxe6 33. fxe6+
Rxe6 34. Qc4 c5 35. g5 h6 36. g6+ Kxg6 37. Rxe6 Rxe6 38. Qxe6 Qxe6 39. Rxe6 Kf5
40. Rxa6 Ke4 41. Nd2+ Kd3 42. Nb3 c4 43. Ra7 c3 44. Rxg7 c2 45. Rg6 Kc3 46.
Rxf6 Kb2 47. Rxh6 Kxa2 48. Nc1+ Kb2 49. Rc6 Ka1 50. h4 Kb1 51. h5 Ka1 52. h6
Kb1 53. h7 Ka1 54. h8=Q+ Kb1 55. Rb6+ 1-0

[Event "DVM U12 2014"]
[Site "Verden/Aller GER"]
[Date "2014.12.27"]
[Round "1"]
[White "Gkegkas, Viktor"]
[Black "Stirnberg, Noah"]
[Result "0-1"]
[Termination "normal"]
[Board "10.2"]
[WhiteElo "1133"]
[BlackElo "1528"]
[WhiteTeam "SC Heitersheim"]
[BlackTeam "SK Blauer Springer Paderborn"]
[PlyCount "122"]
[WhiteFideId "16247396"]
[BlackFideId "16207742"]
[EventCountry "GER"]
[EventRounds "7"]
[EventType "team-swiss"]
[EventDate "2014.12.26"]

1. e4 c5 2. Nf3 d6 3. c3 Nf6 4. d3 Nc6 5. Be2 e6 6. Bg5 Be7 7. Bxf6 Bxf6 8. O-O
Qb6 9. b3 Bd7 10. Nbd2 Qc7 11. Qc1 b5 12. a3 O-O 13. Rb1 Rfc8 14. h3 Rab8 15.
Qc2 Qa5 16. Qc1 d5 17. exd5 exd5 18. c4 dxc4 19. dxc4 Bf5 20. b4 cxb4 21. axb4
Nxb4 22. Rb3 Na2 23. Qe1 Nc3 24. cxb5 Re8 25. Nc4 Qa2 26. Rxc3 Rxe2 27. Qc1
Bxc3 28. Qxc3 Rc8 29. Nfe5 Be6 30. Rd1 f6 31. Nc6 Bxc4 32. Rc1 Kf7 33. Qxc4+
Qxc4 34. Rxc4 Ke8 35. Rb4 Rc7 36. Nd4 Re4 37. f3 Re5 38. Nc6 Rc5 39. Na5 Rd7
40. Nc6 Rb7 41. Nd4 a6 42. b6 a5 43. Rb1 a4 44. Nb5 Rc6 45. Nc7+ Kd7 46. Nb5
Rd6 47. Nc7 Rbxb6 48. Rxb6 Rxb6 49. Nd5 Rb1+ 50. Kh2 a3 51. Nc3 Rc1 52. Na2 Rc7
53. h4 Kd6 54. Kg1 Kd5 55. Kf1 Kc4 56. Ke2 Kb3 57. Kf2 Kxa2 58. Kg3 Kb2 59. h5
a2 60. Kh4 a1=Q 61. f4 Qe1+ 0-1

[Event "DVM U12 2014"]
[Site "Verden/Aller GER"]
[Date "2014.12.27"]
[Round "1"]
[White "Brockhoff, Moritz"]
[Black "Rommel, Tobias"]
[Result "1/2-1/2"]
[Termination "normal"]
[Board "10.3"]
[WhiteElo "1447"]
[BlackElo "989"]
[WhiteTeam "SK Blauer Springer Paderborn"]
[BlackTeam "SC Heitersheim"]
[PlyCount "51"]
[WhiteFideId "16214927"]
[EventCountry "GER"]
[EventRounds "7"]
[EventType "team-swiss"]
[EventDate "2014.12.26"]

1. d4 d5 2. Nf3 Nc6 3. Bf4 Bf5 4. c3 Nf6 5. e3 e6 6. Bd3 Be7 7. Qe2 Bg4 8. h3
Bxf3 9. Qxf3 O-O 10. Nd2 Bd6 11. Bg5 Be7 12. O-O e5 13. Bf5 e4 14. Qg3 Nh5 15.
Qh4 Bxg5 16. Qg4 h6 17. Qxh5 g6 18. Bxg6 fxg6 19. Qxg6+ Kh8 20. h4 Bxh4 21.
Qxh6+ Kg8 22. Qg6+ Kh8 23. Qh6+ Kg8 24. Qg6+ Kh8 25. Qh6+ Kg8 26. Qg6+ 1/2-1/2

[Event "DVM U12 2014"]
[Site "Verden/Aller GER"]
[Date "2014.12.27"]
[Round "1"]
[White "Schoch, Justus"]
[Black "Janke, Julian"]
[Result "1/2-1/2"]
[Termination "normal"]
[Board "10.4"]
[WhiteElo "778"]
[BlackElo "1192"]
[WhiteTeam "SC Heitersheim"]
[BlackTeam "SK Blauer Springer Paderborn"]
[PlyCount "55"]
[BlackFideId "16229185"]
[EventCountry "GER"]
[EventRounds "7"]
[EventType "team-swiss"]
[EventDate "2014.12.26"]

1. e4 d5 2. Nc3 Nc6 3. d3 dxe4 4. dxe4 Qxd1+ 5. Nxd1 b6 6. Bd3 Bb7 7. Nc3 O-O-O
8. Nf3 f6 9. O-O e5 10. Be3 Bb4 11. a3 Bd6 12. Nb5 Nge7 13. Nxd6+ Rxd6 14. b4
g5 15. b5 Nd8 16. Rfd1 g4 17. Nh4 Ne6 18. Nf5 Nxf5 19. exf5 e4 20. Bc4 Ng7 21.
Rxd6 cxd6 22. Be6+ Nxe6 23. fxe6 Re8 24. h3 h5 25. Rd1 Rxe6 26. hxg4 hxg4 27.
Bf4 f5 28. c4 1/2-1/2

[Event "DVM U12 2014"]
[Site "Verden/Aller GER"]
[Date "2014.12.27"]
[Round "2"]
[White "Engel, Luis"]
[Black "von Estorff, Jacob"]
[Result "1-0"]
[Termination "normal"]
[Board "1.1"]
[WhiteElo "2113"]
[BlackElo "1650"]
[WhiteTeam "Hamburger SK von 1830"]
[BlackTeam "Post SV Uelzen"]
[PlyCount "87"]
[WhiteFideId "12961523"]
[BlackFideId "12974501"]
[EventCountry "GER"]
[EventRounds "7"]
[EventType "team-swiss"]
[EventDate "2014.12.26"]

1. e4 c5 2. Nf3 Nc6 3. Bb5 e6 4. O-O d6 5. Re1 Qc7 6. c3 a6 7. Ba4 b5 8. Bc2
Nf6 9. d4 cxd4 10. cxd4 Be7 11. Nc3 b4 12. Ne2 O-O 13. Bg5 a5 14. Rc1 Qb6 15.
Ng3 Bb7 16. h3 Rfe8 17. Ba4 Rec8 18. d5 Nd8 19. dxe6 Nxe6 20. Nf5 Rxc1 21. Qxc1
Bd8 22. Bxf6 Bxf6 23. Qd2 Nc5 24. Bc2 Bxb2 25. Qf4 Rd8 26. Ng5 Qc7 27. Qg3 a4
28. Nh6+ Kf8 29. Nxh7+ Ke8 30. Nf5 g6 31. Ne3 Be5 32. f4 Bc3 33. Re2 Rd7 34.
Ng4 Qd8 35. e5 dxe5 36. Nhf6+ Kf8 37. Nxd7+ Qxd7 38. Nxe5 Bxe5 39. Rxe5 Ne6 40.
Qe3 b3 41. axb3 a3 42. Bd3 Nxf4 43. Qxf4 Qxd3 44. Qh6+ 1-0

[Event "DVM U12 2014"]
[Site "Verden/Aller GER"]
[Date "2014.12.27"]
[Round "2"]
[White "Askerov, Imamali"]
[Black "Pajeken, Jakob Leon"]
[Result "1/2-1/2"]
[Termination "normal"]
[Board "1.2"]
[WhiteElo "1746"]
[BlackElo "1730"]
[WhiteTeam "Post SV Uelzen"]
[BlackTeam "Hamburger SK von 1830"]
[PlyCount "57"]
[WhiteFideId "12974498"]
[BlackFideId "12942839"]
[EventCountry "GER"]
[EventRounds "7"]
[EventType "team-swiss"]
[EventDate "2014.12.26"]

1. d4 d5 2. Nf3 Nf6 3. c4 dxc4 4. Nc3 c5 5. e4 cxd4 6. Qxd4 Qxd4 7. Nxd4 e5 8.
Ndb5 Kd8 9. Be3 a6 10. Bb6+ Kd7 11. Nc7 Ra7 12. Bxa7 Kxc7 13. Bxb8+ Kxb8 14.
Bxc4 Be6 15. Bxe6 fxe6 16. O-O Bc5 17. Rad1 Bd4 18. Rd3 Rd8 19. Rfd1 Ng4 20.
Rf3 b5 21. Re1 Rd7 22. h3 Nf6 23. a3 Kb7 24. Kf1 Kb6 25. Rd1 Re7 26. Rfd3 Rf7
27. Rf3 Re7 28. Rfd3 Rf7 29. Rf3 1/2-1/2

[Event "DVM U12 2014"]
[Site "Verden/Aller GER"]
[Date "2014.12.27"]
[Round "2"]
[White "Holinka, Henning"]
[Black "Knüdel, Torben"]
[Result "1-0"]
[Termination "normal"]
[Board "1.3"]
[WhiteElo "1799"]
[BlackElo "1392"]
[WhiteTeam "Hamburger SK von 1830"]
[BlackTeam "Post SV Uelzen"]
[PlyCount "89"]
[WhiteFideId "12967084"]
[BlackFideId "16208820"]
[EventCountry "GER"]
[EventRounds "7"]
[EventType "team-swiss"]
[EventDate "2014.12.26"]

1. d4 e6 2. Nf3 d5 3. e3 Nf6 4. Bd3 c5 5. b3 Nc6 6. Bb2 Bd7 7. Nbd2 Rc8 8. a3
Be7 9. O-O O-O 10. Ne5 a6 11. f4 b5 12. Qf3 c4 13. Be2 Na7 14. c3 Rc7 15. b4
Nc8 16. e4 dxe4 17. Nxe4 Nxe4 18. Qxe4 Nd6 19. Qc2 Nf5 20. Bc1 f6 21. Ng4 Bc6
22. Ne3 Nd6 23. Bf3 Bxf3 24. Rxf3 f5 25. Nf1 Bf6 26. Be3 Qd7 27. Re1 Qc6 28.
Bf2 Ne4 29. Nd2 Nxf2 30. Rxf2 Be7 31. Rfe2 Rf6 32. Nf3 Qb6 33. Kh1 Rd7 34. Re5
Rd6 35. Qe2 h6 36. d5 Bd8 37. dxe6 Be7 38. Nd4 g6 39. Rd1 Kf8 40. Qf3 Bd8 41.
Qa8 Ke7 42. g3 Bc7 43. Qh8 Rf8 44. Qg7+ Ke8 45. e7 1-0

[Event "DVM U12 2014"]
[Site "Verden/Aller GER"]
[Date "2014.12.27"]
[Round "2"]
[White "Badzies, Tobias"]
[Black "Meyling, Lennart"]
[Result "0-1"]
[Termination "normal"]
[Board "1.4"]
[WhiteElo "1053"]
[BlackElo "1648"]
[WhiteTeam "Post SV Uelzen"]
[BlackTeam "Hamburger SK von 1830"]
[PlyCount "50"]
[BlackFideId "12947130"]
[EventCountry "GER"]
[EventRounds "7"]
[EventType "team-swiss"]
[EventDate "2014.12.26"]

1. d4 Nf6 2. Nf3 d5 3. Bf4 e6 4. c4 c5 5. Nc3 Nc6 6. e3 b6 7. Nb5 e5 8. Nxe5
Nxe5 9. Bxe5 cxd4 10. Nc7+ Kd7 11. Nxa8 Bb4+ 12. Ke2 Ke7 13. Nc7 Bd6 14. Nxd5+
Nxd5 15. Bxg7 Rg8 16. Qxd4 Ba6 17. Kd1 f6 18. cxd5 Be5 19. Bxf6+ Kxf6 20. Qh4+
Rg5 21. Bxa6 Qxd5+ 22. Ke2 Bxb2 23. Rab1 Be5 24. f4 Qxa2+ 25. Kf3 Qxg2# 0-1

[Event "DVM U12 2014"]
[Site "Verden/Aller GER"]
[Date "2014.12.27"]
[Round "2"]
[White "Kopylov, Daniel"]
[Black "Wong, Gengchun"]
[Result "0-1"]
[Termination "normal"]
[Board "2.1"]
[WhiteElo "1813"]
[BlackElo "1989"]
[WhiteTeam "TuRa Harksheide"]
[BlackTeam "SV Dresden-Leuben"]
[PlyCount "90"]
[WhiteFideId "12921971"]
[BlackFideId "12963283"]
[EventCountry "GER"]
[EventRounds "7"]
[EventType "team-swiss"]
[EventDate "2014.12.26"]

1. e4 c5 2. Nf3 d6 3. d4 cxd4 4. Nxd4 Nf6 5. Nc3 a6 6. Be2 e6 7. O-O Qc7 8. Be3
b5 9. a3 Bb7 10. Bd3 Nbd7 11. f4 Be7 12. Nb3 Rc8 13. Kh1 h5 14. h3 h4 15. f5 e5
16. Qf3 Nb6 17. Na5 Ba8 18. Nb3 Nc4 19. Bxc4 Qxc4 20. Nd2 Qc6 21. Bg5 d5 22.
Bxf6 dxe4 23. Ndxe4 Bxf6 24. Qg4 Rd8 25. Rad1 Ke7 26. Nxf6 gxf6 27. Qb4+ Ke8
28. Rxd8+ Kxd8 29. Rd1+ Kc8 30. Rd5 Kb8 31. a4 Qc4 32. Qd6+ Ka7 33. Qd7+ Bb7
34. Rd1 Rg8 35. Nd5 Rxg2 36. axb5 Rh2+ 37. Kg1 Qc5+ 38. Kxh2 Qxc2+ 39. Kg1
Qxd1+ 40. Kf2 Qd2+ 41. Kf3 Qxd5+ 42. Qxd5 Bxd5+ 43. Kg4 axb5 44. Kxh4 Bf3 45.
Kg3 Bd1 0-1

[Event "DVM U12 2014"]
[Site "Verden/Aller GER"]
[Date "2014.12.27"]
[Round "2"]
[White "Bui, Hai Lam"]
[Black "Oganessjan, Artur"]
[Result "1/2-1/2"]
[Termination "normal"]
[Board "2.2"]
[WhiteElo "1868"]
[BlackElo "1786"]
[WhiteTeam "SV Dresden-Leuben"]
[BlackTeam "TuRa Harksheide"]
[PlyCount "107"]
[WhiteFideId "12975737"]
[BlackFideId "12986062"]
[EventCountry "GER"]
[EventRounds "7"]
[EventType "team-swiss"]
[EventDate "2014.12.26"]

1. d4 d5 2. Nf3 Nf6 3. e3 Bg4 4. Bd3 Nbd7 5. h3 Bxf3 6. Qxf3 e5 7. dxe5 Nxe5 8.
Qe2 Bd6 9. Nd2 O-O 10. b3 c5 11. Bb2 Re8 12. O-O a6 13. a4 Qc7 14. Nf3 Rac8 15.
Bf5 Rcd8 16. Rfd1 Nxf3+ 17. Qxf3 Be5 18. Bxe5 Qxe5 19. Bd3 Re7 20. Re1 Rde8 21.
Rad1 Qc7 22. Rd2 d4 23. Rde2 Qd7 24. exd4 cxd4 25. Rxe7 Rxe7 26. Rxe7 Qxe7 27.
Kf1 Kf8 28. Qe2 Nd5 29. Qxe7+ Kxe7 30. g3 h6 31. Ke2 Kd6 32. Bc4 b5 33. axb5
axb5 34. Bd3 g5 35. Kf3 b4 36. Ke4 Kc5 37. Bc4 Nc3+ 38. Ke5 f6+ 39. Kf5 Nd1 40.
Kxf6 Nxf2 41. Kg6 Nxh3 42. Kxh6 g4 43. Kg6 Nf2 44. Kf5 d3 45. cxd3 Kd4 46. Kf4
Nxd3+ 47. Bxd3 Kxd3 48. Kxg4 Kc3 49. Kf4 Kxb3 50. g4 Kc2 51. g5 b3 52. g6 b2
53. g7 b1=Q 54. g8=Q 1/2-1/2